000 00756nam a2200205 a 4500
001 000185659
003 AM-YeHGA
005 20250617123721.0
008 010520s1978 |||| |||||||||| | rus c
040 _aAM-YeHGA
041 0 _arus
100 1 _aКассирова, Евгения Павловна
245 1 0 _aСША :
_bКризис социальной политики (государство и социальное обеспечение) /
_cЕ.П. Кассирова ; Отв. ред. В.С. Зорин.
260 _aМосква :
_bМысль,
_c1978.
300 _a255 с.
650 1 4 _aКризис - Социальная политика - США
700 1 _aЗорин, В.С.
_eред.
_4edt
942 _2udc
_cBK
090 _c65468
999 _c64364
_d64364